<?xml version="1.0" encoding="UTF-8"?>
<record
    xmlns:xsi="http://www.w3.org/2001/XMLSchema-instance"
    xsi:schemaLocation="http://www.loc.gov/MARC21/slim http://www.loc.gov/standards/marcxml/schema/MARC21slim.xsd"
    xmlns="http://www.loc.gov/MARC21/slim">

  <leader>00578nam a22001577a 4500</leader>
  <controlfield tag="003">OSt</controlfield>
  <controlfield tag="005">20151208093824.0</controlfield>
  <controlfield tag="008">151208b        xxu||||| |||| 00| 0 eng d</controlfield>
  <datafield tag="040" ind1=" " ind2=" ">
    <subfield code="c">RUA </subfield>
  </datafield>
  <datafield tag="082" ind1=" " ind2=" ">
    <subfield code="a">ATM CHE 2000 B191 Or.1</subfield>
  </datafield>
  <datafield tag="100" ind1=" " ind2=" ">
    <subfield code="9">4503</subfield>
    <subfield code="a">CHEA SOVANDINA; &#x1787;&#x17B6;&#x179F;&#x17BB;&#x179C;&#x178E;&#x17D2;&#x178E;&#x178C;&#x17B8;&#x178E;&#x17B6;</subfield>
  </datafield>
  <datafield tag="245" ind1=" " ind2=" ">
    <subfield code="a">Effects of storage methods of rice grain on grain quality; &#x17A5;&#x1791;&#x17D2;&#x1792;&#x17B7;&#x1796;&#x179B;&#x1793;&#x17C3;&#x179C;&#x17B7;&#x1792;&#x17B8;&#x1791;&#x17BB;&#x1780;&#x1782;&#x17D2;&#x179A;&#x17B6;&#x1794;&#x17CB;&#x179F;&#x17D2;&#x179A;&#x17BC;&#x179C;&#x1791;&#x17C5;&#x179B;&#x17BE;&#x1782;&#x17BB;&#x178E;&#x1797;&#x17B6;&#x1796;.</subfield>
  </datafield>
  <datafield tag="260" ind1=" " ind2=" ">
    <subfield code="a">Phnom Penh </subfield>
    <subfield code="b">RUA </subfield>
    <subfield code="c">2000</subfield>
  </datafield>
  <datafield tag="300" ind1=" " ind2=" ">
    <subfield code="a">xii; 54p.</subfield>
    <subfield code="b">ill.</subfield>
    <subfield code="c">29cm.</subfield>
  </datafield>
  <datafield tag="942" ind1=" " ind2=" ">
    <subfield code="2">ddc</subfield>
    <subfield code="c">ATM</subfield>
  </datafield>
  <datafield tag="999" ind1=" " ind2=" ">
    <subfield code="c">4199</subfield>
    <subfield code="d">4199</subfield>
  </datafield>
  <datafield tag="952" ind1=" " ind2=" ">
    <subfield code="0">0</subfield>
    <subfield code="1">0</subfield>
    <subfield code="2">ddc</subfield>
    <subfield code="4">0</subfield>
    <subfield code="6">ATM_CHE_2000_000000000000000_B191_OR_1</subfield>
    <subfield code="7">0</subfield>
    <subfield code="9">21183</subfield>
    <subfield code="a">LBB</subfield>
    <subfield code="b">LBB</subfield>
    <subfield code="c">B191</subfield>
    <subfield code="d">2015-12-08</subfield>
    <subfield code="o">ATM CHE 2000 B191 Or.1</subfield>
    <subfield code="p">RUA018026</subfield>
    <subfield code="r">2015-12-08</subfield>
    <subfield code="w">2015-12-08</subfield>
    <subfield code="y">ATM</subfield>
  </datafield>
  <datafield tag="952" ind1=" " ind2=" ">
    <subfield code="0">0</subfield>
    <subfield code="1">0</subfield>
    <subfield code="2">ddc</subfield>
    <subfield code="4">0</subfield>
    <subfield code="6">ATM_CHE_2000_000000000000000_B191_OR_2</subfield>
    <subfield code="7">0</subfield>
    <subfield code="9">21184</subfield>
    <subfield code="a">LBB</subfield>
    <subfield code="b">LBB</subfield>
    <subfield code="c">B191</subfield>
    <subfield code="d">2015-12-08</subfield>
    <subfield code="l">1</subfield>
    <subfield code="o">ATM CHE 2000 B191 Or.2</subfield>
    <subfield code="p">RUA018008</subfield>
    <subfield code="r">2018-11-02</subfield>
    <subfield code="s">2018-10-30</subfield>
    <subfield code="w">2015-12-08</subfield>
    <subfield code="y">ATM</subfield>
  </datafield>
  <datafield tag="952" ind1=" " ind2=" ">
    <subfield code="0">0</subfield>
    <subfield code="1">0</subfield>
    <subfield code="2">ddc</subfield>
    <subfield code="4">0</subfield>
    <subfield code="6">ATM_CHE_2000_000000000000000_B191_OR_3</subfield>
    <subfield code="7">0</subfield>
    <subfield code="9">21185</subfield>
    <subfield code="a">LBB</subfield>
    <subfield code="b">LBB</subfield>
    <subfield code="c">B191</subfield>
    <subfield code="d">2015-12-08</subfield>
    <subfield code="l">3</subfield>
    <subfield code="o">ATM CHE 2000 B191 Or.3</subfield>
    <subfield code="p">RUA018146</subfield>
    <subfield code="r">2019-12-07</subfield>
    <subfield code="s">2019-11-22</subfield>
    <subfield code="w">2015-12-08</subfield>
    <subfield code="y">ATM</subfield>
  </datafield>
  <datafield tag="952" ind1=" " ind2=" ">
    <subfield code="0">0</subfield>
    <subfield code="1">0</subfield>
    <subfield code="2">ddc</subfield>
    <subfield code="4">0</subfield>
    <subfield code="6">ATM_CHE_2000_000000000000000_B191_OR_4</subfield>
    <subfield code="7">0</subfield>
    <subfield code="9">21186</subfield>
    <subfield code="a">LBB</subfield>
    <subfield code="b">LBB</subfield>
    <subfield code="c">B191</subfield>
    <subfield code="d">2015-12-08</subfield>
    <subfield code="l">6</subfield>
    <subfield code="o">ATM CHE 2000 B191 Or.4</subfield>
    <subfield code="p">RUA018219</subfield>
    <subfield code="r">2019-07-29</subfield>
    <subfield code="s">2019-07-12</subfield>
    <subfield code="w">2015-12-08</subfield>
    <subfield code="y">ATM</subfield>
  </datafield>
</record>
